000 00761cam a2200253 a 4500
001 000009364
005 20200929161552.0
008 930519s1992 ag 000 j spa d
020 _a9507820094
035 _a(DLC) 93155939
040 _aDO-SdBNP
_cDLC
082 _aA863.44
_bT625g
100 1 _aTizón, Héctor,
_d1929-
_924141
245 1 3 _aEl gallo blanco /
_cHéctor Tizón.
260 _aBuenos Aires, Argentina :
_bAguilar :
_bAlteam :
_bTaurus :
_bAlfaguara,
_cc1992.
300 _a193 p. ;
_c22 cm.
490 1 _aAlfaguara literaturas
650 4 _aNovela argentina
_93941
650 4 _aLiteratura argentina
_ySIGLO XX
_914711
830 0 _aAlfaguara literaturas.
_99775
910 _aCatalogación por copia / LC
910 _aWM
049 _aBNGR
999 _c9124
_d9124